| 000 | 00960nam a22002415a 4500 | ||
|---|---|---|---|
| 005 | 20090829112150.0 | ||
| 008 | 090121s2009 ii 010 0 eng d | ||
| 010 | _aENG-94965 | ||
| 020 | _c75.00 | ||
| 035 | _aEN-78498 | ||
| 037 | _aDBAD / PUB | ||
| 040 |
_adpl _bEnglish |
||
| 082 | _a883.08 | ||
| 100 | _aMuthulakshmi, M. | ||
| 245 |
_aThe theme of suffering and salvation in the selected novels of Anitha Desai / _cby M. Muthulakshmi |
||
| 260 |
_aChennai _bThe Parkar _c2008 |
||
| 270 |
_a293, Ahamed Complex, 2nd Floor, Royapettah High Road, Royapettah _bChennai _e600014 |
||
| 300 |
_a97p. _c22cm(pbk) |
||
| 500 | _aIncludes bibliographical references | ||
| 600 |
_aDesai, Anita _xCriticism and interpretation |
||
| 942 |
_2ddc _cEN _mMUT _h883.08 |
||
| 999 |
_c29778 _d29778 |
||